[Event "NRW-ch Seniors 16th"]
[Site "Hattingen"]
[Date "2005.05.22"]
[Round "2"]
[White "Huebner, Eckardt"]
[Black "Goy, Udo"]
[Result "0-1"]
[WhiteElo "2053"]
[BlackElo "2138"]
[PlyCount "79"]
[EventDate "2005.05.21"]
[EventType "swiss"]
[EventRounds "9"]
[EventCountry "GER"]
[SourceTitle "EXT 2007"]
[Source "ChessBase"]
[SourceDate "2006.11.23"]
[SourceVersion "1"]
[SourceVersionDate "2006.11.23"]
[SourceQuality "1"]

1. c4 Nf6 2. Nc3 g6 3. g3 Bg7 4. Bg2 0-0 5. e4 e5 6. Nge2 d6 7. 0-0 Nbd7 8. d3 c6 9. h3 a6 10. Be3 b5 11. Qd2 Bb7 12. Rac1 Qe7 13. Bg5 Nc5 14. f4 Ne6 15. fxe5 dxe5 16. Bh6 Rfd8 17. Bxg7 Kxg7 18. Qe3 Qc5 19. Rf3 Rxd3 20. Qxc5 Nxc5 21. cxb5 Rxf3 22. Bxf3 cxb5 23. Nxb5 Bxe4 24. Bxe4 Ncxe4 25. Nc7 Rd8 26. Rc2 a5 27. Kg2 Rd3 28. Nb5 Nd5 29. Kh2 Ne3 30. Nc1 Rd7 31. Re2 Nf1+ 32. Kg2 Nfxg3 33. Rc2 Nf5 34. Re2 Nh4+ 35. Kh2 f5 36. Nc3 Nxc3 37. bxc3 e4 38. Nb3 Nf3+ 39. Kg2 Rd3 40. Rf2 0-1

[Event "Essen op04"]
[Site "Essen"]
[Date "2005.04.13"]
[Round "6"]
[White "Bischof, Rainer"]
[Black "Huebner, Eckardt"]
[Result "1/2-1/2"]
[WhiteElo "1896"]
[BlackElo "2053"]
[PlyCount "65"]
[EventDate "2005.04.04"]
[EventType "swiss"]
[EventRounds "9"]
[EventCountry "GER"]
[SourceTitle "EXT 2007"]
[Source "ChessBase"]
[SourceDate "2006.11.23"]
[SourceVersion "1"]
[SourceVersionDate "2006.11.23"]
[SourceQuality "1"]

1. d4 Nf6 2. Nf3 g6 3. Bf4 d6 4. e3 Bg7 5. h3 c5 6. c3 Nbd7 7. Be2 0-0 8. 0-0 b6 9. Nbd2 Bb7 10. Bh2 Rc8 11. Rc1 Qc7 12. Ne1 e5 13. dxe5 dxe5 14. Bf3 Rfd8 15. Bxb7 Qxb7 16. Qe2 Ne8 17. e4 Nf8 18. Nef3 f6 19. Rcd1 Nd6 20. Ne1 Qf7 21. b3 c4 22. b4 Nb5 23. Nb1 Rxd1 24. Qxd1 Qd7 25. Qxd7 Nxd7 26. Nc2 Kf7 27. Rd1 Ke6 28. Kf1 Bh6 29. f3 Nd6 30. Bg1 f5 31. exf5+ gxf5 32. Be3 Bxe3 33. Nxe3 1/2-1/2

[Event "Essen op04"]
[Site "Essen"]
[Date "2005.04.12"]
[Round "5"]
[White "Huebner, Eckardt"]
[Black "Szymaniak, Horst"]
[Result "1/2-1/2"]
[WhiteElo "2053"]
[BlackElo "1975"]
[PlyCount "56"]
[EventDate "2005.04.04"]
[EventType "swiss"]
[EventRounds "9"]
[EventCountry "GER"]
[SourceTitle "EXT 2007"]
[Source "ChessBase"]
[SourceDate "2006.11.23"]
[SourceVersion "1"]
[SourceVersionDate "2006.11.23"]
[SourceQuality "1"]

1. Nf3 Nf6 2. g3 g6 3. Bg2 Bg7 4. 0-0 0-0 5. c4 c5 6. Nc3 Nc6 7. e4 d6 8. h3 Nd7 9. d3 Nde5 10. Ne1 Nd4 11. Be3 Nec6 12. Qd2 Bd7 13. Bh6 Rb8 14. Bxg7 Kxg7 15. f4 e6 16. Nf3 a6 17. Rae1 b5 18. e5 Nxf3+ 19. Bxf3 dxe5 20. fxe5 bxc4 21. dxc4 Nd4 22. Be4 Bc6 23. Qg2 Qb6 24. Rf2 Rbc8 25. Bxc6 Qxc6 26. Ne4 Qc7 27. Ng5 Qe7 28. Ne4 Qc7 1/2-1/2

[Event "Essen op04"]
[Site "Essen"]
[Date "2005.04.11"]
[Round "4"]
[White "Dahlhaus, Friedhelm"]
[Black "Huebner, Eckardt"]
[Result "1/2-1/2"]
[WhiteElo "2017"]
[BlackElo "2053"]
[PlyCount "54"]
[EventDate "2005.04.04"]
[EventType "swiss"]
[EventRounds "9"]
[EventCountry "GER"]
[SourceTitle "EXT 2007"]
[Source "ChessBase"]
[SourceDate "2006.11.23"]
[SourceVersion "1"]
[SourceVersionDate "2006.11.23"]
[SourceQuality "1"]

1. e4 d6 2. d4 Nf6 3. Nc3 g6 4. f4 Bg7 5. Nf3 0-0 6. Bd3 Nfd7 7. 0-0 c5 8. d5 Nf6 9. Qe1 e6 10. f5 exd5 11. exd5 c4 12. Bxc4 Bxf5 13. Nd4 Bc8 14. Kh1 Ng4 15. Nce2 Qb6 16. c3 Ne5 17. Bb3 Nd3 18. Qh4 Nxc1 19. Raxc1 Nd7 20. Ne6 fxe6 21. dxe6 Kh8 22. Rxf8+ Nxf8 23. e7 Bd7 24. exf8Q+ Rxf8 25. Nf4 Bf5 26. Nd5 Qd8 27. Qxd8 Rxd8 1/2-1/2

[Event "GER-chT Seniors 13th"]
[Site "Dresden"]
[Date "2004.08.06"]
[Round "6"]
[White "Franck, Rudolf"]
[Black "Huebner, Eckardt"]
[Result "1-0"]
[WhiteElo "2191"]
[BlackElo "2068"]
[PlyCount "39"]
[EventDate "2004.08.01"]
[EventType "team-tourn"]
[EventRounds "7"]
[EventCountry "GER"]
[SourceTitle "CBM 103 Extra"]
[Source "ChessBase"]
[SourceDate "2005.01.01"]
[SourceVersion "1"]
[SourceVersionDate "2005.01.01"]
[SourceQuality "1"]

1. d4 g6 2. c4 Bg7 3. Nc3 d6 4. e4 c6 5. Nf3 Nf6 6. h3 0-0 7. Be2 Nbd7 8. Be3 a6 9. a4 b6 10. 0-0 Bb7 11. Qd2 Qc7 12. Rfd1 Rfd8 13. Rac1 a5 14. Bh6 e5 15. Qg5 Re8 16. d5 Nc5 17. Nd2 Ba6 18. f3 cxd5 19. Bxg7 Kxg7 20. Qxf6+ 1-0

[Event "Ruhrgebiet VL1 0304"]
[Site "Ruhrgebiet"]
[Date "2004.08.02"]
[Round "6.3"]
[White "Huebner, Eckardt"]
[Black "Semina, Svetlana"]
[Result "0-1"]
[WhiteElo "2137"]
[BlackElo "2090"]
[PlyCount "72"]
[EventDate "2003.09.28"]
[EventType "team-tourn"]
[EventRounds "9"]
[EventCountry "GER"]
[SourceTitle "EXT 2007"]
[Source "ChessBase"]
[SourceDate "2006.11.23"]
[SourceVersion "1"]
[SourceVersionDate "2006.11.23"]
[SourceQuality "1"]
[WhiteTeam "Welper SV"]
[BlackTeam "Gelsenkirchen II"]
[WhiteTeamCountry "GER"]
[BlackTeamCountry "GER"]

1. c4 e5 2. g3 Nc6 3. Bg2 g6 4. Nc3 Bg7 5. e4 d6 6. d3 Nge7 7. Nge2 0-0 8. 0-0 Be6 9. h3 Qd7 10. Kh2 f5 11. f4 fxe4 12. Nxe4 Kh8 13. Rb1 Rae8 14. Bd2 Nf5 15. N2c3 Nfd4 16. Qa4 a6 17. b4 b5 18. cxb5 axb5 19. Qd1 Ra8 20. a4 bxa4 21. Nxa4 Ra7 22. Nac3 Rb8 23. Ng5 exf4 24. Rxf4 Bg8 25. b5 Nd8 26. Be3 c5 27. bxc6 Rxb1 28. Qxb1 N8xc6 29. Nd5 Rb7 30. Qf1 Nf5 31. Bd2 Be5 32. Bc3 Bxd5 33. Bxd5 Bxc3 34. g4 Rb2+ 35. Rf2 Be5+ 36. Kg2 Ne3+ 0-1

[Event "Ruhrgebiet VL1 0304"]
[Site "Ruhrgebiet"]
[Date "2004.03.28"]
[Round "8.3"]
[White "Happe, Ulrich"]
[Black "Huebner, Eckardt"]
[Result "1/2-1/2"]
[WhiteElo "2047"]
[BlackElo "2137"]
[PlyCount "95"]
[EventDate "2003.09.28"]
[EventType "team-tourn"]
[EventRounds "9"]
[EventCountry "GER"]
[SourceTitle "EXT 2007"]
[Source "ChessBase"]
[SourceDate "2006.11.23"]
[SourceVersion "1"]
[SourceVersionDate "2006.11.23"]
[SourceQuality "1"]
[WhiteTeam "Steele/Kray Rochade"]
[BlackTeam "Welper SV"]
[WhiteTeamCountry "GER"]
[BlackTeamCountry "GER"]

1. e4 g6 2. d4 Bg7 3. Nf3 d6 4. Be2 Nf6 5. Nc3 0-0 6. 0-0 c6 7. h3 Nbd7 8. Be3 e5 9. Qd2 Qe7 10. dxe5 dxe5 11. Bg5 Nc5 12. Qe3 Re8 13. a4 Ne6 14. Bh4 Nf4 15. Bc4 h6 16. Rfe1 g5 17. Bg3 N6h5 18. Bh2 Qf6 19. Nd2 g4 20. hxg4 Bxg4 21. f3 Bd7 22. Ne2 Qg5 23. Nxf4 exf4 24. Qb3 Be6 25. Bxe6 Rxe6 26. Qc4 Rd8 27. Nb3 Bxb2 28. Rad1 Red6 29. Rxd6 Rxd6 30. Qb4 Rd7 31. Qc4 Qe5 32. Kf1 Kg7 33. Rb1 b6 34. Qb4 Bc3 35. Qc4 Bb2 36. Ke2 Qc3 37. Qxc3+ Bxc3 38. Rg1 c5 39. g4 fxg3 40. Bxg3 Nxg3+ 41. Rxg3+ Kf8 42. f4 Bf6 43. e5 Bd8 44. Rh3 Kg7 45. Rg3+ Kf8 46. Rh3 Kg7 47. Rg3+ Kf8 48. Rh3 1/2-1/2

[Event "GER-chT Seniors 11th"]
[Site "Bad Segeberg"]
[Date "2002.08.07"]
[Round "2.2"]
[White "Huebner, Eckardt"]
[Black "Raedeker, Bernd"]
[Result "1/2-1/2"]
[WhiteElo "2163"]
[BlackElo "2175"]
[PlyCount "132"]
[EventDate "2002.08.06"]
[EventType "team-tourn"]
[EventRounds "7"]
[EventCountry "GER"]
[SourceTitle "EXT 2003"]
[Source "ChessBase"]
[SourceDate "2002.11.25"]
[SourceVersion "1"]
[SourceVersionDate "2002.11.25"]
[SourceQuality "1"]
[WhiteTeam "Nordrhein Westfalen II"]
[BlackTeam "Wuerttemberg"]
[WhiteTeamCountry "GER"]
[BlackTeamCountry "GER"]

1. c4 Nc6 2. g3 e5 3. Bg2 Nf6 4. Nc3 Bc5 5. d3 0-0 6. Nf3 h6 7. 0-0 Re8 8. e4 d6 9. h3 a6 10. Kh2 Rb8 11. a3 b5 12. cxb5 axb5 13. b4 Ba7 14. Be3 Nd4 15. Bxd4 exd4 16. Ne2 c5 17. Nd2 d5 18. bxc5 dxe4 19. Nxe4 Nxe4 20. Bxe4 Bxc5 21. Qc1 Qd6 22. Qf4 Qxf4 23. Nxf4 Bb7 24. Rfc1 Bd6 25. Nd5 Re5 26. Nb6 Bxe4 27. Nd7 Bxd3 28. Nxb8 Re2 29. Kg2 Bc4 30. Nc6 d3 31. Nd4 Rb2 32. Nf3 Bc5 33. Rf1 Re2 34. a4 b4 35. Rac1 Rc2 36. Ne5 d2 37. Rcd1 Bxf1+ 38. Kxf1 b3 39. Ke2 b2 40. Nd3 Bd4 41. a5 Kf8 42. a6 Ke8 43. f4 Kd7 44. a7 Bxa7 45. Nb4 Rc3 46. Rxd2+ Ke6 47. Rxb2 Rxg3 48. Nd3 Re3+ 49. Kd2 Rxh3 50. Rb7 Bd4 51. f5+ Kxf5 52. Rxf7+ Bf6 53. Ke2 h5 54. Nf2 Ra3 55. Kf1 Kf4 56. Kg2 Ra2 57. Rd7 h4 58. Rd3 Kg5 59. Rd5+ Kg6 60. Rd3 Be5 61. Kf3 Kf5 62. Ng4 Ra5 63. Nf2 Ra4 64. Kg2 g5 65. Rd8 Ra3 66. Rf8+ Kg6 1/2-1/2